000 01058nam a2200313 i 4500
001 bg
100 1 _aDROZDEK, Adam
245 1 0 _aC++ :
_balgorytmy i struktury danych /
_cAdam Drozdek ; [tł. Piotr Rajca (rozdz. 8-12, dod.A i B), Tomasz Żmijewski (rozdz.0-7)].
246 _iTyt. oryg.:
_aData Structures and algorithms in C++
260 _aGliwice :
_b"Helion",
_c2004.
300 _a612 s. ;
_c25 cm.
490 1 _aKanon Informatyki
500 _aTyt. oryg.: "Data Structures and algorithms in C++", 2nd ed.
504 _aBibliogr. po rozdz., indeks.
650 9 _aAlgorytmy
_xstosowanie
_xprogramowanie
650 9 _aC++
655 _aPodręczniki
700 1 _aRAJCA, Piotr.
_eTł.
700 1 _aŻMIJEWSKI, Tomasz.
_eTł.
830 _aKanon Informatyki
020 _a8373613854
040 _cBPK
041 1 _apol
_heng
080 _a004.438A/Z:004.421](07)
920 _a83-7361-385-4
942 _cKS
008 s pl f |000 0 pol
999 _c44499
_d44499
856 _uhttp://koha.tu.koszalin.pl/cgi-bin/koha/opac-detail.pl?biblionumber=44499
_yKatalog online BPK